000 00499nam a2200193Ia 4500
008 230125s9999 xx 000 0 und d
020 _a1-85788-07801
041 _aeng
082 _a658
_bROB
100 _aRobinson P
_9112758
245 _aSnapshot from hell : The making of an MBA
260 _c2003
_bNicholas Bearly publisher
_aLondon
300 _a286p
500 _aGeneral Management
650 _aGeneral
700 _aRobinson P
_9112758
906 _b44
999 _c89760
_d89760